| 000 | 00502nam a2200181Ia 4500 | ||
|---|---|---|---|
| 008 | 220216s9999 xx 000 0 und d | ||
| 100 | _aHenson Ian E | ||
| 245 | 0 | _aEvaluating the global warming impact of palm oil production. 1. A Field model | |
| 260 |
_bThe Planter _c2009 |
||
| 300 | _a193-211 | ||
| 650 | _aCarbon sequestration | ||
| 650 | _aGreenhouse gas emission | ||
| 650 | _aLand use change | ||
| 650 | _aOil palm | ||
| 650 | _aSingle crop model | ||
| 700 | _aChang K C | ||
| 942 | _cJS | ||
| 999 |
_c58885 _d58885 |
||